Filosofía y nuevas orientaciones de la educación

שמור ב:
מידע ביבליוגרפי
מחבר ראשי: Aguayo Sánchez, Alfredo Miguel (Author)
פורמט: ספר
שפה:ספרדית
יצא לאור: La Habana Cultural 1952
נושאים:
תגים: הוספת תג
אין תגיות, היה/י הראשונ/ה לתייג את הרשומה!

MARC

LEADER 00000nam a2200000 a 4500
001 UCZ7152
003 CL-VaPUC
008 951222e19520000CU |||||||||||||||||spa|d
082 0 4 |a 370.1  |b AGU  |2 21 
100 0 |a Aguayo Sánchez, Alfredo Miguel  |e author  |9 351927 
245 1 0 |a Filosofía y nuevas orientaciones de la educación 
300 |a 351 p 
942 |c BK 
945 |d 19951222 00:00:00  |a lriquelm 
260 |a La Habana  |b Cultural  |c 1952 
650 0 |a Filosofía de la educación   |9 258384 
650 7 |a ESCUELAS DE FILOSOFIA  |2 CL-VaPUC  |9 333048 
650 7 |a PAPEL DE LA EDUCACION  |2 CL-VaPUC  |9 338800 
650 0 |a Alumnos   |9 335074 
650 0 |a Disciplina escolar  |9 271077 
650 0 |a Docentes  |9 311365 
650 0 |a Sistemas educacionales  |9 324695 
650 7 |a EDUCACION COMPARADA  |2 CL-VaPUC  |9 307694 
583 |a last modification  |c 20190701 09:52:54  |k Rodrigo Vera 
999 |c 243274  |d 243272 
952 |0 0  |1 0  |4 0  |6 370_100000000000000_AGU_1952  |7 0  |8 P  |9 256821  |a BIBEDU  |b BIBEDU  |c BIBEDU_PB  |d 2019-11-19  |i 1609122  |o 370.1 AGU 1952  |p 1609122  |r 2024-01-25  |w 2019-11-19  |y BK  |k EDU 
952 |0 0  |1 0  |4 0  |6 370_100000000000000_AGU_1952  |7 0  |8 P  |9 256822  |a BIBEDU  |b BIBEDU  |c BIBEDU_PB  |d 2019-11-19  |i 1633724  |o 370.1 AGU 1952  |p 1633724  |r 2024-01-25  |w 2019-11-19  |y BK  |k EDU